Vplyv emócií na spotrebiteľské správanie bakalárska práca

Gespeichert in:
Bibliographische Detailangaben
1. Verfasser: Ďurišková, Dominika
Körperschaft: Obchodná fakulta EU. Katedra medzinárodného obchodu
Weitere Verfasser: Šášiková, Mária
Format: Buch
Sprache:Slowakisch
Veröffentlicht: Bratislava 2014
Tags: Tag hinzufügen
Keine Tags, Fügen Sie das erste Tag hinzu!

MARC

LEADER 00000nbm a2200000 4500
001 0188239
005 20170201100820.7
041 0 |a slo 
044 |a SK 
245 1 0 |a Vplyv emócií na spotrebiteľské správanie  |b bakalárska práca  |c Dominika Ďurišková ; školiteľ: Mária Šášiková 
264 1 |a Bratislava  |c 2014 
300 |a 73 s. 
100 1 |a Ďurišková, Dominika 
700 1 |a Šášiková, Mária 
710 2 |a Obchodná fakulta EU. Katedra medzinárodného obchodu